Desarrollo del programa "Estimador de obras eléctricas" en lenguaje Java
Збережено в:
| Автор: | |
|---|---|
| Інші автори: | |
| Формат: | Книга |
| Опубліковано: |
[San José, Costa Rica]
2010
|
| Предмети: | |
| Теги: |
Додати тег
Немає тегів, Будьте першим, хто поставить тег для цього запису!
|
MARC
| LEADER | 00000nam a2200000Ia 4500 | ||
|---|---|---|---|
| 003 | 010448 | ||
| 005 | 20240418104542.0 | ||
| 008 | 140114s2010 cr a 000 ||s d | ||
| 040 | |c cru CEDI | ||
| 090 | |a TFG 6331 | ||
| 100 | |a Ortega Álvarez, Miguel, 1984- |9 2955 | ||
| 245 | |a Desarrollo del programa "Estimador de obras eléctricas" en lenguaje Java | ||
| 260 | |a [San José, Costa Rica] |c 2010 | ||
| 500 | |a Proyecto de graduación (bachillerato de ingeniería eléctrica)--Universidad de Costa Rica. Facultad de Ingeniería. Escuela de Ingeniería Eléctrica | ||
| 501 | |a Profesor Guía IE-0502 Proyecto Eléctrico de Graduación: Ing. Juan Ramón Rodríguez Solera | ||
| 650 | |x ENERGIA ELECTRICA |x DESARROLLO DE PROGRAMAS PARA COMPUTADORA |x JAVA (LENGUAJE DE PROGRAMACION PARA COMPUTADORA) |x COSTOS |x DISTRIBUCION DE ENERGIA ELECTRICA |9 2654 | ||
| 700 | |a Rodríguez Solera, Juan Ramón, 1961- |d Director de Proyecto Eléctrico |9 680 | ||
| 942 | |c TFG |h TFG 6331 |i 010448 |6 TFG_6331_010448000000000 | ||
| 999 | |c 15874 |d 15874 | ||
